Comprehensive injection moulding

Saved in:
Bibliographic Details
Main Author: BATRA, R.C
Format: Book
Language:English
Published: C.B.S Publisers pvt.Ltd. 2011
Tags: Add Tag
No Tags, Be the first to tag this record!

MARC

LEADER 00000nam a22000007a 4500
008 210908b ||||| |||| 00| 0 eng d
020 |a 9788123918792 
100 |a BATRA, R.C. 
245 |a Comprehensive injection moulding  |c  R.C Batra  |g  xiii,394.P.ill. 
250 |b   
260 |b C.B.S Publisers pvt.Ltd.  |c  2011  |d Book  |h  New Delhi  |i 696942  |i 696943  |l  TP 1150.B31  |m Injection moulding of plastics 
500 |a "It includes bibliography and index" 
942 |a lcc  |c BK  |e Olagoke, M.A.  |f 09/90/2021 
952 |0 0  |1 0  |2 lcc  |4 0  |7 0  |9 3453  |a HOL  |b TL  |c QZ  |d 2021-09-08  |o TP1150.B31  |p 2021-67166  |r 2021-09-08 00:00:00  |t 696942  |w 2021-09-08  |y BK 
952 |0 0  |1 0  |2 lcc  |4 0  |7 0  |9 3454  |a HOL  |b HOL  |c QZ  |d 2021-09-08  |o TP1150.B31  |p 2021-67167  |r 2021-09-08 00:00:00  |t 696943  |w 2021-09-08  |y BK 
999 |c 1719  |d 1719